ბათუმის შოთა რუსთაველის სახელმწიფო უნივერსიტეტის ბიბლიოთეკა

Prosecution as a prosectors s function and its implementation at the stage of investigation : (ბიბ.ჩანაწერი № 59050)

000 -LEADER
fixed length control field 01030nam a22002057a 4500
005 - DATE AND TIME OF LATEST TRANSACTION
control field 20221114112412.0
008 - FIXED-LENGTH DATA ELEMENTS--GENERAL INFORMATION
fixed length control field 221114s2022en xxu||||| |||| 00| 0 eng d
020 ## - INTERNATIONAL STANDARD BOOK NUMBER
International Standard Book Number 978886762402
041 ## - LANGUAGE CODE
Language code of text/sound track or separate title eng
Language code of original geo
080 ## - UNIVERSAL DECIMAL CLASSIFICATION NUMBER
Universal Decimal Classification number 343.123.52 A-12
100 ## - MAIN ENTRY--PERSONAL NAME
Personal name Abashidze, Givi.
9 (RLIN) 15793
245 ## - TITLE STATEMENT
Title Prosecution as a prosectors s function and its implementation at the stage of investigation :
Remainder of title Georgian model of discretionary criminal prosecution /
Statement of responsibility, etc. Givi Abashidze.
264 ## - PRODUCTION, PUBLICATION, DISTRIBUTION, MANUFACTURE, AND COPYRIGHT NOTICE
Place of production, publication, distribution, manufacture [Tbilisi :]
Name of producer, publisher, distributor, manufacturer Generis publishing,
Date of production, publication, distribution, manufacture, or copyright notice 2022.
300 ## - PHYSICAL DESCRIPTION
Extent 105 p.:
Other physical details 23 cm.
546 ## - LANGUAGE NOTE
Language note რეზიუმე ინგლისურ და რუსულ ენაზე
653 ## - INDEX TERM--UNCONTROLLED
keyword Prosecution as a prosectors s function and its implementation at the stage of investigation
653 ## - INDEX TERM--UNCONTROLLED
keyword დევნა, როგორც პროკურორის ფუნქცია და მისი განხორციელება გამოძიების ეტაპზე
653 ## - INDEX TERM--UNCONTROLLED
keyword სამართალი
942 ## - ADDED ENTRY ELEMENTS (KOHA)
Source of classification or shelving scheme
Koha item type წიგნი
ეგზემპლარები
Withdrawn status Lost status Source of classification or shelving scheme Damaged status Not for loan Permanent Location Current Location Shelving location Date acquired Cost, normal purchase price Full call number Barcode Date last seen Copy number Price effective from Koha item type Public note
          ბათუმის შოთა რუსთაველის სახელმწიფო უნივერსიტეტის მთავარი ბიბლიოთეკა ბათუმის შოთა რუსთაველის სახელმწიფო უნივერსიტეტის მთავარი ბიბლიოთეკა წიგნსაცავი 2022-11-14 10.00 343.123.52 A-12 63135 2022-11-14 63135 2022-11-14 წიგნი 10.00